Kraje Oceanii (nagła śmierć) - Statystyki

Ogólne statystyki
  • Ten quiz został rozwiązany 33 razy
  • Średni wynik to 10 z 12
Answers on the Grid
Answers color-coded by a green-red scale on the quiz's grid according to % correct below.
Vaunuatu
Timor Wschodni
Seszele
Wyspy Salomona
Palau
Wyspy Owcze
Nauru
Wietnam
Australia
Nowa Zelandia
Komory
Fidżi
Mauritius
Kiribati
Barbados
Dżibuti
Tuvalu
Papua-Nowa Gwinea
Filipiny
Tajwan
Samoa
Wyspy Świętego Tomasza i Książęca
Republika Zielonego Przylądka
Tonga
 
Statystyki odpowiedzi
Odpowiedź % Poprawnych
Vaunuatu
100%
Nauru
89%
Nowa Zelandia
89%
Australia
83%
Palau
83%
Wyspy Salomona
83%
Fidżi
78%
Kiribati
78%
Papua-Nowa Gwinea
78%
Tonga
78%
Tuvalu
78%
Samoa
72%
Nie znaleziono quizów pasujących do podanych kryteriów
Rozkład punktacji
Procent ludzi z każdym wynikiem
Percentyl według liczby udzielonych odpowiedzi
Twoja historia wyników
Nie rozwiązałeś tego quizu